000 00843nam a2200229Ia 4500
003 Co-PeBPM
005 20241204141705.0
008 231129s2017||||xx |||||||||||||| ||spa||
020 _a978958599710
040 _aCo-PeBPM
_bspa
_cCo-PeBPM
_erda
041 _aspa
082 0 4 _a070.449861 S942s
_222
110 _aSecretaria de Cultura de Pereira
245 0 _aSucesos y lugares (Antologí­a de crónica del El Diario 1929-1953)
260 _aPereira, Colombia
_b: Secretarí­a de Cultura; Gráficas Olí­mpica.
_c2017
300 _a61 páginas
_c15 centímetros
490 _aColección Literaria La Chambrana
_v2
650 1 4 _aCrónicas periodísticas colombianas
_2LEMB
650 1 4 _aCrónicas colombianas
_2LEMB
651 _aPereira (Colombia) - Vida social y costumbres
_2LEMB
942 _2ddc
_cBK
999 _c24881
_d24881